Систематический указатель трудов МИНХиГП. Вып. 51-75; № 3; Труды [Московского института нефтехимической и газовой промышленности]

Detalles Bibliográficos
Parent link:Труды [Московского института нефтехимической и газовой промышленности]: [сборник]/ Московский институт нефтехимической и газовой промышленности им. И. М. Губкина (МИНХиГП). Систематический указатель трудов МИНХиГП. Вып. 51-75.— , 1959-
Idioma:ruso
Publicado: Москва, Недра, 1970
Subjects:
Formato: MixedMaterials Libro
KOHA link:https://koha.lib.tpu.ru/cgi-bin/koha/opac-detail.pl?biblionumber=352725

MARC

LEADER 00000nam2a2200000 4500
001 352725
005 20231102010527.0
035 |a (RuTPU)RU\TPU\retro\9475 
035 |a RU\TPU\retro\9467 
090 |a 352725 
100 |a 20200203d1970 k y0rusy50 ca 
101 0 |a rus 
102 |a RU 
105 |a a z 001zy 
200 0 |a Систематический указатель трудов МИНХиГП. Вып. 51-75  |h № 3 
210 |a Москва  |c Недра  |d 1970 
215 |a 64 с.  |c ил. 
320 |a Библиогр. в конце ст. 
461 1 |0 (RuTPU)RU\TPU\retro\9257  |t Труды [Московского института нефтехимической и газовой промышленности]  |o [сборник]  |f Московский институт нефтехимической и газовой промышленности им. И. М. Губкина (МИНХиГП)  |v Систематический указатель трудов МИНХиГП. Вып. 51-75  |d 1959-  
606 1 |a Нефтегазовые месторождения  |x Системы разработки  |x Эксплуатация  |2 stltpush  |3 (RuTPU)RU\TPU\subj\45562  |9 64757 
610 1 |a нефтегазовая промышленность 
610 1 |a статистика 
610 1 |a геология 
610 1 |a месторождения 
610 1 |a промысловая геофизика 
610 1 |a физика пласта 
610 1 |a нефтепромысловое дело 
610 1 |a разработка 
610 1 |a эксплуатация 
610 1 |a нефтепереработка 
610 1 |a автоматика 
610 1 |a вычислительная техника 
675 |a 622.276  |v 3 
801 1 |a RU  |b 63413507  |c 20060206  |g PSBO 
801 2 |a RU  |b 63413507  |c 20200226  |g PSBO 
942 |c BK